Top 4 de LaLiga, 1928–2026 - Estadísticas

Estadísticas generales
  • Esta prueba ha sido intentada 6.325 veces
  • La puntuación promedio es 18 de 25
Estadísticas de respuestas
Club % Correcto
FC Barcelona
100%
Real Madrid
100%
Atlético de Madrid
99%
Sevilla CF
97%
Valencia CF
97%
Real Betis
94%
Athletic Club
92%
Villarreal CF
91%
Girona FC
90%
Real Sociedad
90%
Deportivo de la Coruña
87%
Celta de Vigo
79%
Málaga CF
78%
Real Zaragoza
73%
RCD Espanyol
70%
RCD Mallorca
69%
CA Osasuna
62%
Real Oviedo
62%
Racing de Santander
57%
Sporting de Gijón
56%
UD Las Palmas
54%
Real Valladolid
53%
Arenas de Getxo
35%
CD Castellón
23%
CE Sabadell
15%
No se encontraron pruebas coincidentes
Distribución de puntuación
Porcentaje de gente con cada puntuación
Porcentaje por número respondido
Historial de tus puntuaciones
No has intentado esta prueba.